1983-1988 : La mano de Dios.

Guardado en:
Formato: Deslizar
Series:Enciclopedia visual Clarín
Materias:
Etiquetas: Agregar Etiqueta
Sin Etiquetas, Sea el primero en etiquetar este registro!
LEADER 01085ngm a22003255g 4500
001 CEM.cems022682
008 130507b2004##################0###0#####d
005 20241113183323.0
245 0 0 |a 1983-1988 :  |b La mano de Dios. 
300 |a 48'. 
490 0 |a Enciclopedia visual Clarín 
500 |a En soporte VHS, consultar en ventanilla. 
505 0 |a El juicio a los Comandantes. Gorvachov y la Perestroika. El sida. Postmodernidad. El desastre de Chernobyl. La muerte de Borges. Los versos satánicos de Salman Rushdie. 
538 |a Soporte: VHS - Norma: Pal N - Color: Si - Grabación DRD 2004 - Hitachi=0000 
082 9 4 |/ CLA-5 
653 |a HISTORIA 
653 |a HISTORIA ARGENTINA 
653 |a CLARIN 
653 |a SIGLO XX 
653 |a JUICIO JUNTA MILITAR 
653 |a DICTADURA 
653 |a PERESTROIKA 
653 |a SIDA 
653 |a POSTMODERNIDAD 
653 |a CHERNOBYL 
653 |a BORGES 
653 |a RUSHDIE 
653 |a NIVEL PRIMARIO 
653 |a NIVEL SECUNDARIO 
859 |a CEMS  |b BIB. CEMS - Depto. Recursos Didacticos  |h 940  |i CLA-5  |k DRD  |p 1325.12  |t Ej.1